LEADER 01100nam0-2200373---450- 001 990005811720403321 005 20131125133427.0 010 $a88-16-40371-3 035 $a000581172 035 $aFED01000581172 035 $a(Aleph)000581172FED01 035 $a000581172 100 $a19990604d1995----km-y0itay50------ba 101 0 $aita 102 $aIT 105 $a--------001yy 200 1 $aAppunti su arti e lettere$fCarlo Dionisotti 210 $aMilano$cJaca Book$d1995 215 $a172 p.$d24 cm 225 1 $aDi fronte e attraverso$v371 225 1 $aStoria dell'arte$v6 610 0 $aArte italiana$aSec. 15.-16. 610 0 $aLetteratura e arte$aItalia$aSec. 15.-16. 676 $a850.9003 700 1$aDionisotti,$bCarlo$f<1908-1998>$0134865 801 0$aIT$bUNINA$gRICA$2UNIMARC 901 $aBK 912 $a990005811720403321 952 $a850.9003 DIO 1$bBibl.60699$fFLFBC 952 $a850.9003 DIO 1BIS$bDip.f.m.6884$fFLFBC 952 $a850.9003 DIO 1TER$bDip.f.m.7066$fFLFBC 959 $aFLFBC 996 $aAppunti su arti e lettere$9568094 997 $aUNINA LEADER 01212nam0-2200385li-450 001 990000145380203316 005 20180312154800.0 035 $a0014538 035 $aUSA010014538 035 $a(ALEPH)000014538USA01 035 $a0014538 100 $a2001990011981-------y0itay0103----ba 101 0 $aeng 102 $aUS 200 1 $a<> course in the theory of stochastic processes$fA. D. Wentzell$gtranlated by S. Chomet. Foreword by K. L. Chung 210 $aNew York$cMcGraw-Hill$dcopyr. 1981 215 $ax, 304 p.$d23 cm 610 1 $aprocessi stocastici 676 $a5192$9Probabilità 700 1$aWentzell,$bA.D.$0753170 702 1$aChomet,$bS. 702 1$aChung,$bK. L. 801 $aSistema bibliotecario di Ateneo dell' Università di Salerno$gRICA 900 1$aChomet$bSeweryn 912 $a990000145380203316 951 $a519.2 WEN$b9706/CBS$c519.2$d00222150 959 $aBK 969 $aSCI 979 $c19900112 979 $c20001110$lUSA01$h1712 979 $c20020403$lUSA01$h1622 979 $aPATRY$b90$c20040406$lUSA01$h1611 979 $aRSIAV6$b90$c20090527$lUSA01$h1353 996 $aCourse in the theory of stochastic processes$91515058 997 $aUNISA LEADER 03702nam 2200781Ia 450 001 9910800063303321 005 20231212234907.0 010 $a1-317-15895-4 010 $a1-315-57446-2 010 $a1-317-15894-6 010 $a1-282-57233-4 010 $a9786612572333 010 $a0-7546-9361-9 035 $a(CKB)2670000000014604 035 $a(EBL)513946 035 $a(OCoLC)609862250 035 $a(SSID)ssj0000358415 035 $a(PQKBManifestationID)12091643 035 $a(PQKBTitleCode)TC0000358415 035 $a(PQKBWorkID)10377528 035 $a(PQKB)11754504 035 $a(Au-PeEL)EBL513946 035 $a(CaPaEBR)ebr10385844 035 $a(CaONFJC)MIL922512 035 $a(MiAaPQ)EBC513946 035 $a(MiAaPQ)EBC5293585 035 $a(EXLCZ)992670000000014604 100 $a20100108d2010 uy 0 101 0 $aeng 135 $aur|n|---||||| 181 $ctxt 182 $cc 183 $acr 200 00$aCounselling ideologies$b[electronic resource] $equeer challenges to heteronormativity /$fedited by Lyndsey Moon 210 $aFarnham ;$aBurlington, VT $cAshgate$dc2010 215 $a1 online resource (251 p.) 300 $aIncludes index. 311 $a0-7546-7683-8 327 $aCover; Contents; Acknowledgements; List of Contributors; Part I De/Heterosexualising Therapy; Introduction; 1 Anti-Sectarian, Queer, Client-Centredness: A Re-Iteration of Respect in Therapy; 2 Queerying Freud: On Using Psychoanalysis with Sexual Minority Clients; 3 Queer Family Therapy - A Contradiction in Terms?; 4 Towards a Queer Praxis: The Democratization of Feeling; Part II Relations of Resistance and Contestation; 5 Heteronormativity and Queer Youth Resistance: Reversing the Discourse; 6 The Colour of Queer; 7 'I Did It My Way ...': Relationship Issues for Bisexual People 327 $a8 Multiple Identities, Multiple Realities: Lesbian, Gay and Queer Lives in the North East of England9 Beyond Cisgenderism: Counselling People with Non-Assigned Gender Identities; 10 Azima ila Hayati - An Invitation in to My Life: Narrative Conversations about Sexual Identity; 11 Cultural Competence with BDSM Lifestyles; Index 330 $aCounselling Ideologies draws on both academic experts and practitioners from the UK, USA and Australia, to represent a new approach to counselling and psychotherapy. It will appeal not only to sociologists and those working in the field of mental health, but also to scholars of race and ethnicity, gender, queer studies and queer theory. 606 $aGay people$xPsychology 606 $aGay people$xCounseling of 606 $aSexual minorities$xPsychology 606 $aSexual minorities$xCounseling of 606 $aQueer theory$xPsychological aspects 606 $aPsychotherapy 606 $aMental health care for LGBTQ people$2homoit$1https://homosaurus.org/v3/homoit0001012 606 $aHeteronormativity$2homoit$1https://homosaurus.org/v3/homoit0000620 606 $aQueer theory$2homoit$1https://homosaurus.org/v3/homoit0001219 615 0$aGay people$xPsychology. 615 0$aGay people$xCounseling of. 615 0$aSexual minorities$xPsychology. 615 0$aSexual minorities$xCounseling of. 615 0$aQueer theory$xPsychological aspects. 615 0$aPsychotherapy. 615 7$aMental health care for LGBTQ people. 615 7$aHeteronormativity. 615 7$aQueer theory. 676 $a362.196/89008664 701 $aMoon$b Lyndsey$f1959-$01588455 801 0$bMiAaPQ 801 1$bMiAaPQ 801 2$bMiAaPQ 906 $aBOOK 912 $a9910800063303321 996 $aCounselling ideologies$93878238 997 $aUNINA